¿Enseñar filosofía? (Record no. 79534)
[ view plain ]
| 000 -CABECERA | |
|---|---|
| campo de control de longitud fija | 00545nam a2200193 a 4500 |
| 005 - FECHA Y HORA DE LA ÚLTIMA TRANSACCIÓN | |
| campo de control | 20210219153536.0 |
| 008 - ELEMENTOS DE LONGITUD FIJA--INFORMACIÓN GENERAL | |
| campo de control de longitud fija | 991125n 000 0 spa u |
| 035 ## - NÚMERO DE CONTROL DEL SISTEMA | |
| Número de control de sistema | UPN01000105580 |
| 222 #0 - TÍTULO CLAVE | |
| Título clave | EDUCACION Y CULTURA : |
| Información calificativa | REVISTA DEL CENTRO DE ESTUDIOS DE INVESTIGACION DOCENTES DE LA FEDERACION COLOMBIANA DE EDUCADORES |
| 245 #0 - MENCIÓN DE TÍTULO | |
| Título | ¿Enseñar filosofía? |
| 300 ## - DESCRIPCIÓN FÍSICA | |
| Extensión | 59-63 |
| 362 ## - FECHAS DE PUBLICACIÓN Y/O DESIGNACIÓN SECUENCIAL | |
| Fecha de publicación y/o designación secuencial | 1993 32 |
| 653 0# - TERMINO DE INDIZACION - NO CONTROLADO | |
| Término no controlado | APRENDIZAJE |
| 653 0# - TERMINO DE INDIZACION - NO CONTROLADO | |
| Término no controlado | AULA |
| 653 0# - TERMINO DE INDIZACION - NO CONTROLADO | |
| Término no controlado | ENSEÑANZA |
| 653 0# - TERMINO DE INDIZACION - NO CONTROLADO | |
| Término no controlado | FILOSOFIA |
| 904 ## - ELEMENTOS DE DATOS D LOCAL, LDD (RLIN) | |
| a | AC |
| b | 043391 |
| 905 ## - TIPO DE MATERIAL | |
| Tipo de material | Articulo |
No items available.
